000 00429nam a22001691a 4500
001 5506
003 OSt
005 20260204212017.0
008 060127s1982||||dr ||||||b||||||||||spa||
050 _aRD 972.9401 N22h
100 _aNau, Emilio
245 _aHistoria de los caciques de Haití / Emilio Nau
264 _aSanto Domingo : Sociedad Dominicana
300 _a316 p
650 _a1.Historia - HaitíÌ
942 _2ddc
_cBK
999 _c5506
_d5506